Paesi con più Testimoni di Geova - Statistics

Statistiche generali
  • Questo quiz è stato fatto 60 volte
  • Il punteggio medio è 7 su 15
Statistiche sulle risposte
Members Risposta % Corretto
250.193 Italia
98%
1.233.609 Stati Uniti
89%
174.907 Germania
87%
153.751 Argentina
72%
907.121 Brasile
72%
864.738 Messico
69%
142.073 Regno Unito
69%
186.712 Colombia
56%
214.457 Giappone
35%
400.375 Nigeria
28%
253.876 Filippine
26%
257.672 R.D.Congo
19%
153.657 Ghana
11%
169.960 Angola
6%
239.427 Zambia
4%
Nessun quiz corrispondente trovato
Distribuzione punteggi
Percentuale di utenti per punteggio
Percentile per numero di risposta
I tuoi punteggi nel tempo
Non hai fatto questo quiz